Graphis Photo Annual 2001 : An International Annual of Photography = Graphis Photo Annual 2001 : Das internationale Jahrbuch der Photographie = Graphis Photo Annual 2001 : Le répertoire internationale de la photographie /

Anuario que presenta una selección de las mejores fotografías del año previo al señalado en el título, organizadas temáticamente: arquitectura, moda, periodismo, paisajes, desnudo, gente, productos, deportes, naturaleza muerta y fauna.

שמור ב:
מידע ביבליוגרפי
מחברים אחרים: Pedersen, B. Martin (dirección creativa) (dirección creativa), Lin, Vance (edición) (edición), Jenssen, Heinke (edición) (edición), Slutsky, Lauren (dirección artística) (dirección artística)
פורמט: ספר
שפה:אנגלית
יצא לאור: Nueva York, EUA : Graphis, 2000, c2000
נושאים:
תגים: הוספת תג
אין תגיות, היה/י הראשונ/ה לתייג את הרשומה!

MARC

LEADER 00000nam^a2200000^a^4500
001 000118858
005 20250521000000.0
009 20260310094255.249
020 |a 1-888001-90-9 
037 |a Acervo ITESO - Biblioteca 
041 |a ING 
082 |a 770. 5  |b PHO 2001 
240 1 1 |a [Graphis Photo Annual] 
245 0 0 |a Graphis Photo Annual 2001 :  |b An International Annual of Photography = Graphis Photo Annual 2001 : Das internationale Jahrbuch der Photographie = Graphis Photo Annual 2001 : Le répertoire internationale de la photographie /  |c Dir. creativa de B.M. Pedersen ; ed. de V. Lin, H. Jenssen ; dir. artística de L. Slustky. 
264 4 |a Nueva York, EUA :  |b Graphis,  |c 2000, c2000 
300 |a 253 p. 
336 |a texto  |b txt  |2 rdacontenido 
337 |a sin mediación  |b n  |2 rdamedio 
338 |a volumen  |b nc  |2 rdasoporte 
520 |a Anuario que presenta una selección de las mejores fotografías del año previo al señalado en el título, organizadas temáticamente: arquitectura, moda, periodismo, paisajes, desnudo, gente, productos, deportes, naturaleza muerta y fauna. 
546 |a Edición trilingüe alemán-francés-inglés 
649 |a XX 
650 |a Fotografía -  |x Tema Principal 
650 |a Fotografía -  |x Anuarios 
650 |a Comunicación Visual 
650 |a Arte 
650 |a Phillips, Christopher 
700 |a Pedersen, B. Martin  |e (dirección creativa) 
700 |a Lin, Vance  |e (edición) 
700 |a Jenssen, Heinke  |e (edición) 
700 |a Slutsky, Lauren  |e (dirección artística) 
910 |a Fondo General 
920 |a Impresos - Libros 
930 |a Reserva Especial 
905 |a 103 
901 |a 0500053691  |b IT1  |c REE  |u 20250521 
902 |a https://opac.biblio.iteso.mx/vufind/Record/000118858